000 00308nam a22001457a 4500
008 210531b ||||| |||| 00| 0 eng d
020 _a9780547190952
041 _aeng
080 _23rd
_a371
082 _a371
100 _a46
101 _aEDU
245 _aReading Keys
_cFlemming,L
942 _2udc
_cBK
999 _c57836
_d57836